000 00711nam a2200193 i 4500
001 84990
003 ES-MaACL
007 t|
008 041124s1984 sp ||||1| spa d
111 2 _aJornadas Técnicas sobre Seguridad Social (
_d1983.
_cMadrid)
_9900
245 1 0 _aJornadas Técnicas sobre Seguridad Social
_b: Madrid 1983 /
_cInstituto de Estudios Laborales y de la Seguridad Social.
260 _a[Madrid] :
_bMinisterio de Trabajo y Seguridad Social,
_c[1984]
300 _a454 p. ;
_c24 cm.
490 1 _aEncuentros
710 2 _aInstituto de Estudios Laborales y de la Seguridad Social.
_94915
830 0 _aEncuentros
_9176438
852 _aES-MaACL
_jL-6941
_bR.107414
999 _c84990
_d84990